Nantes Tram Stops Quiz Stats

 Plays Quiz not verified by Sporcle

Support Sporcle.
Go Orange.
Score 0/95 Timer 15:00
0 Plays Today
Ligne % Correct
1,2,3Commerce
87.2%
1Beaujoire
80.3%
1Bouffay
69.7%
1Gare SNCF
68.6%
1,4Duchesse Anne Chateau
67.6%
250 Otages
63.3%
2,3Hotel Dieu
58%
1Mediatheque
57.4%
1Haluchere
57.4%
1Mairie de Doulon
56.4%
2Orvault Grand Val
56.4%
2Place du Cirque
55.3%
2,3Pirmil
55.3%
1Francois Mitterrand
52.7%
1Bd de Doulon
52.7%
1Mendes-France Bellevue
50.5%
1Chantiers Navals
50%
2,3Vincent Gache
49.5%
2Motte Rouge
48.9%
38 Mai
47.3%
1Moutonnerie
46.8%
1Gare Maritime
46.3%
3Selon de Bretagne
45.7%
3Bretagne
45.2%
2Gare de Pont Rousseau
44.7%
1Manufacture
44.1%
1Jamet
43.6%
2Facultes
43.6%
1Pin Sec
43.1%
2,3Wattignies
43.1%
4Beaulieu
43.1%
1Hopital Bellier
42.6%
Ligne % Correct
2Ecole Centrale Audencia
42%
2St Felix
42%
3Neustrie
42%
2Recteur Schmitt
41.5%
1Landreau
41%
2,3Aime Delrue
41%
2St Mihiel
40.4%
2,3Mangin
39.9%
3Viarme Talensac
39.9%
2Morrhonniere Petit Port
38.3%
4Porte de Vertou
38.3%
2Michelet Sciences
37.8%
1Halveque
36.2%
2Le Cardo
35.6%
4Foch Cathedrale
34%
1Schoelcher
32.4%
1Souillarderie
32.4%
3Marcel Paul
32.4%
1Egalite
30.9%
3Chateau de Reze Francois Mitterrand
30.9%
4Ile de Nantes
30.9%
2Chene des Anglais
30.3%
3Trocardiere
28.7%
1Croix Bonneau
27.7%
3Beausejour
27.7%
1Neruda
27.1%
1Du Chaffault
27.1%
3Rond-Point de Vannes
26.6%
2Bourgeonniere
25.5%
1Tourmaline
24.5%
3Jean Jaures
24.5%
4Cite Internationale des Congres
24.5%
Ligne % Correct
3Plaisance
23.9%
4Tripode
23.4%
3Longchamp
22.3%
1Tertre
21.8%
1Lauriers
21.8%
3Pont Rousseau Martyrs
21.8%
3Baliniere
21.8%
4Greneraie
21.8%
2Boissiere
21.3%
2Rene Cassin
20.2%
2Santos Dumont
19.1%
3Poitou
19.1%
1Romain Rolland
18.6%
3Felix Faure
18.1%
1Romanet
17.6%
3A. Vincent Ste Therese
16%
1Jean Moulin
15.4%
3Orvault Morliere
14.9%
3Espace Diderot
14.4%
4Clos Toreau
14.4%
4Bourdonnieres
14.4%
1Frachon
13.8%
4Joliverie
13.3%
3Jean Rostand
11.7%
3Ferriere
11.2%
3Les Couets
10.6%
4Chapeau Verni
10.1%
3Grande Ouche
9.6%
4Bonne Garde
8.5%
4Mauvoisins
8%
4Maraichers
6.9%

You're not logged in!

Compare scores with friends on all Sporcle quizzes.
OR
Log In

From the Vault

Clothes in French

by beforever

Being dressed seems like it's a pretty universal language.
Remove Ads.
Support Sporcle.
Get the best of Sporcle when you Go Orange. This ad-free experience offers more features, more stats, and more fun while also helping to support Sporcle. Thank you for becoming a member.

Show Comments

Extras

Created Mar 10, 2011SourceReportNominate

Top Quizzes Today


Score Distribution

Your Account Isn't Verified!

In order to create a playlist on Sporcle, you need to verify the email address you used during registration. Go to your Sporcle Settings to finish the process.

Report this User

Report this user for behavior that violates our Community Guidelines.

Details: